[Event "Belgrade GMA op"]
[Site "Belgrade"]
[Date "1988.??.??"]
[Round "?"]
[White "Damljanovic, Branko"]
[Black "Buljovcic, Ivan"]
[Result "1-0"]
[WhiteElo "2565"]
[BlackElo "2425"]
[PlyCount "87"]
[EventDate "1988.12.??"]
[EventType "swiss"]
[EventRounds "9"]
[EventCountry "YUG"]
[SourceTitle "CBM 010"]
[Source "ChessBase"]
[SourceDate "1989.06.01"]
[SourceVersion "1"]
[SourceVersionDate "1989.06.01"]
[SourceQuality "1"]

1. Nf3 c5 2. g3 Nc6 3. d4 cxd4 4. Nxd4 g6 5. Bg2 Bg7 6. Nb3 Nf6 7. Nc3 0-0 8. 0-0 a6 9. e4 Rb8 10. Nd5 Nxd5 11. exd5 Na5 12. Re1 Nxb3 13. axb3 d6 14. c3 Re8 15. Bg5 Qc7 16. Qd2 b5 17. b4 Bb7 18. Re2 Ra8 19. Rae1 f6 20. Bf4 Bc8 21. h3 Kf7 22. g4 Bd7 23. Bh6 Bh8 24. Be3 a5 25. Bd4 Bg7 26. bxa5 Rxa5 27. Qf4 Ra4 28. b4 Ra3 29. g5 Qd8 30. Qh4 Kg8 31. gxf6 Bxf6 32. Bxf6 exf6 33. Rxe8+ Bxe8 34. Re6 Rxc3 35. Rxf6 Rc8 36. Qf4 Qe7 37. Re6 Qc7 38. Kh2 Bf7 39. Rxd6 Qe7 40. Rc6 Rf8 41. Rc7 Qd8 42. d6 Bc4 43. Qe5 Rf7 44. Re7 1-0

[Event "YUG-chT 40th"]
[Site "Brezovica"]
[Date "1988.??.??"]
[Round "?"]
[White "Maksimovic, Branimir"]
[Black "Buljovcic, Ivan"]
[Result "1-0"]
[WhiteElo "2400"]
[BlackElo "2410"]
[PlyCount "57"]
[EventDate "1988.??.??"]
[EventType "team"]
[EventRounds "9"]
[EventCountry "YUG"]
[SourceTitle "EXT 2009"]
[Source "ChessBase"]
[SourceDate "2008.11.26"]
[SourceVersion "1"]
[SourceVersionDate "2008.11.26"]
[SourceQuality "1"]

1. d4 d5 2. Nf3 Nf6 3. c4 dxc4 4. Nc3 a6 5. e4 b5 6. e5 Nd5 7. a4 Nxc3 8. bxc3 Bb7 9. e6 f6 10. Be2 Qd5 11. 0-0 Qxe6 12. Re1 Qd7 13. Nd2 Bd5 14. Bf3 Qc6 15. Bxd5 Qxd5 16. axb5 Qxb5 17. Rb1 Qd5 18. Qa4+ Kf7 19. Nxc4 e6 20. Bf4 Qd7 21. Qa2 g5 22. Bg3 Qd5 23. Bxc7 Nd7 24. Qa4 Rc8 25. Ne3 Nc5 26. dxc5 Qxc5 27. Qd7+ Be7 28. Rb7 Qxc3 29. Ba5 1-0

[Event "YUG-chT 33rd"]
[Site "Arandjelovac"]
[Date "1981.08.24"]
[Round "8.3"]
[White "Sahovic, Dragutin"]
[Black "Buljovcic, Ivan"]
[Result "1/2-1/2"]
[WhiteElo "2470"]
[BlackElo "2410"]
[PlyCount "120"]
[EventDate "1981.08.16"]
[EventType "team"]
[EventRounds "9"]
[EventCountry "SRB"]
[SourceTitle "EXT 2021"]
[Source "ChessBase"]
[SourceDate "2020.10.23"]
[SourceVersion "1"]
[SourceVersionDate "2020.10.23"]
[SourceQuality "1"]
[WhiteTeam "Belgrade Partizan"]
[BlackTeam "Novi Sad Novosadski"]
[WhiteTeamCountry "YUG"]
[BlackTeamCountry "YUG"]

1. d4 d5 2. Nc3 g6 3. e4 dxe4 4. Nxe4 Bg7 5. Nf3 Nd7 6. Bc4 Nb6 7. Bb3 a5 8. a3 Nd5 9. 0-0 Ngf6 10. Nxf6+ Nxf6 11. Ne5 0-0 12. Bf4 Ra6 13. Re1 Be6 14. c4 Nh5 15. Be3 c5 16. Nf3 Bg4 17. dxc5 Bxb2 18. Ra2 Bc3 19. Qxd8 Rxd8 20. Rc1 a4 21. Bd1 Bg7 22. h3 Bc8 23. Rb1 Bf5 24. Bc2 Be6 25. Rb4 Nf6 26. Bxa4 Ne4 27. Bb5 Raa8 28. c6 bxc6 29. Bxc6 Nc3 30. Rd2 Rxd2 31. Nxd2 Rd8 32. Bf3 Bd4 33. Nf1 Na2 34. Rb7 Bxc4 35. Bxd4 Rxd4 36. Rxe7 Nc3 37. Ne3 Be6 38. Ra7 Na4 39. Bc6 Bb3 40. Ng4 Kg7 41. Ne5 Nc5 42. Be8 Kf6 43. Rc7 Ne4 44. Bxf7 Rd1+ 45. Kh2 Bxf7 46. Nxf7 Nxf2 47. Nh6 Ra1 48. Rf7+ Kg5 49. Rxf2 Kxh6 50. Rf3 Ra2 51. Kg3 Kh5 52. Rb3 g5 53. Kf3 h6 54. g3 Ra1 55. Ke4 Rh1 56. g4+ Kh4 57. Kf5 h5 58. gxh5 Kxh5 59. a4 Rf1+ 60. Ke5 Ra1 1/2-1/2